LEADER 01364nam a2200289 u 4500 001 000000092717 003 CaOOAMICUS 005 20070226124953.0 008 060726s2006 it u000 u ita u 035 $a11096376 040 $aPUL$bita 100 1 $aGuicciardini, Francesco,$d1483-1540.$0(OLS)http://pul/name/8125 240 10$aOpere$9(Guicciardini, Francesco, 1483-1540).$lita.$0(OLS)http://pul/title/119636 245 10$aOpere /$cFrancesco Guicciardini,a cura di Vittorio de Caprariis. 260 $a[Roma] :$bBiblioteca Treccani,$cc2006. 300 $axxxi, 587 p. ;$c22 cm 490 1 $aLetteratura e vita civile.$aI classici del pensiero italiano ;$v14 500 $aEdizione speciale per la Biblioteca Treccani ed Il Sole 24 ORE. 504 $aInclude note bibliografiche. 650 4$aPolitica e letteratura.$0(OLS)http://pul/subject/19338 700 1 $aDe Caprariis, Vittorio.$0(OLS)http://pul/name/8126 830 0$aLetteratura e vita civile.$pI classici del pensiero italiano ;$v14.$0(OLS)http://pul/title/119304 850 $aPUL 852 $aPUL$W1$xSL Cons. Gen., Altre Classi 3$y75$m854 COLL 1.14$j116569$nBK-PRI$b $qDDC 21$B116569$CPULBib$Z2$F116569 $HPUL101726 $81 941 1 $a9 996 $6245$aOpere$9(OLS)http://pul/title/9199 996 $6260$a[Roma] :$bBiblioteca Treccani$9(OLS)http://pul/publisher/79101 LEADER 01292nam a2200289 u 4500 001 000000108921 003 CaOOAMICUS 005 20080109122958.0 008 080109s2007 it u000 u ita u 020 $z978-88-452-5805-3* 040 $aPUL$bita$dLDB 100 1 $aCapograssi, Giuseppe,$d1889-1956.$0(OLS)http://pul/name/5632 245 10$aPensieri a Giulia 1918-1924 /$cGiuseppe Capograssi ; a cura di Gabrio Lombardi ; prefazione di Gennaro Savarese. 260 $aMilano :$bBompiani,$c2007. 300 $acxlvii, 2130 p. ;$c22 cm. 490 1 $aBompiani Il pensiero occidentale 500 $aInclude indici. 600 14$aCapograssi, Giuseppe,$d1889-1956$xLettere.$0(OLS)http://pul/subject/14244 700 1 $aLombardi, Gabrio,$d1913-1994.$0(OLS)http://pul/name/34574 830 0$aBompiani Il pensiero occidentale.$0(OLS)http://pul/title/99836 850 $aPUL 852 $aPUL$W1$xSL Filosofia 3$y81$m190 COLL 2.13$j124540$qDDC 21$B123127$CPULBib$Z2$F123127 $H106024 $82 941 1 $a9 983 3$aIl pensiero occidentale (Bompiani) 996 $6020$z978-88-452-5805-3*$9(OLS)http://pul/number/136630 996 $6245$aPensieri a Giulia 1918-1924$9(OLS)http://pul/title/137041 996 $6260$aMilano :$bBompiani$9(OLS)http://pul/publisher/48240